Changes In Conventional and Liquid Based Cytoloy Pap Smear In Vrious Cervical Lesions/ (Record no. 204438)

MARC details
000 -LEADER
fixed length control field 00766nam a22002417a 4500
003 - CONTROL NUMBER IDENTIFIER
control field dpl
005 - DATE AND TIME OF LATEST TRANSACTION
control field 20240808172103.0
008 - FIXED-LENGTH DATA ELEMENTS--GENERAL INFORMATION
fixed length control field 240305b |||||||| |||| 00| 0 eng d
010 ## - LIBRARY OF CONGRESS CONTROL NUMBER
LC control number ENG-140975 ENG-141297
020 ## - INTERNATIONAL STANDARD BOOK NUMBER
International Standard Book Number 9789354571695
Terms of availability 1300.00
035 ## - SYSTEM CONTROL NUMBER
System control number EN-124507
035 ## - SYSTEM CONTROL NUMBER
System control number EN-124829
037 ## - SOURCE OF ACQUISITION
Source of stock number/acquisition DBAD
040 ## - CATALOGING SOURCE
Transcribing agency .
082 ## - DEWEY DECIMAL CLASSIFICATION NUMBER
Classification number 616.07
100 ## - MAIN ENTRY--PERSONAL NAME
Personal name Gali, Vinutha
9 (RLIN) 62808
245 ## - TITLE STATEMENT
Title Changes In Conventional and Liquid Based Cytoloy Pap Smear In Vrious Cervical Lesions/
Statement of responsibility, etc By Vinutha Gali [and] Gayathri
260 ## - PUBLICATION, DISTRIBUTION, ETC. (IMPRINT)
Place of publication, distribution, etc Chennai
Name of publisher, distributor, etc Sree Balaji Medical College and Hospital
270 ## - ADDRESS
Address Chromepet
City Chennai
Postal code 600044
300 ## - PHYSICAL DESCRIPTION
Extent 36Pages
Dimensions 28cm,(hb)
700 ## - ADDED ENTRY--PERSONAL NAME
9 (RLIN) 62809
Personal name Gayathri
Relator term Author
942 ## - ADDED ENTRY ELEMENTS (KOHA)
Source of classification or shelving scheme Dewey Decimal Classification
Koha item type English Books
Classification part 616.07
Call number suffix VINU
Holdings
Withdrawn status Lost status Source of classification or shelving scheme Damaged status Not for loan Collection code Home library Current library Date acquired Source of acquisition Cost, normal purchase price Total Checkouts Full call number Barcode Date last seen Copy number Cost, replacement price Price effective from Koha item type
    Dewey Decimal Classification     Non-fiction Patel Nagar Patel Nagar 25/07/2024 Delivery of Books Act Division 1300.00   616.07 GAL EN-124829 25/07/2024 1 1300.00 25/07/2024 English Books

© Delhi Public Library
Hit Counter
free hit counter